Calcutta : (Record no. 126671)

MARC details
000 -LEADER
fixed length control field 00711nam a22002297a 4500
005 - DATE AND TIME OF LATEST TRANSACTION
control field 20170124110013.0
010 ## - LIBRARY OF CONGRESS CONTROL NUMBER
LC control number 723351
020 ## - INTERNATIONAL STANDARD BOOK NUMBER
Terms of availability 00.00
035 ## - SYSTEM CONTROL NUMBER
System control number 723351
037 ## - SOURCE OF ACQUISITION
Source of stock number/acquisition Cen Lib/Ret
040 ## - CATALOGING SOURCE
Original cataloging agency DPL
Language of cataloging EN
082 ## - DEWEY DECIMAL CLASSIFICATION NUMBER
Classification number 352.05452
Item number CHA
100 ## - MAIN ENTRY--PERSONAL NAME
Personal name Chaudhuri, K.
9 (RLIN) 18138
245 ## - TITLE STATEMENT
Title Calcutta :
Statement of responsibility, etc by K. Chaudhuri
Remainder of title story of its goverment /
260 ## - PUBLICATION, DISTRIBUTION, ETC. (IMPRINT)
Place of publication, distribution, etc New Delhi
Name of publisher, distributor, etc Orient Longman
Date of publication, distribution, etc 1973
270 ## - ADDRESS
City New Delhi
Postal code 110001
Address 3/5, Asaf Ali Road
300 ## - PHYSICAL DESCRIPTION
Extent 378p.
Dimensions 21cm(Hb)
500 ## - GENERAL NOTE
General note Includes bibliographical references and index
650 ## - SUBJECT ADDED ENTRY--TOPICAL TERM
Topical term or geographic name as entry element Corporation administration
9 (RLIN) 18139
650 ## - SUBJECT ADDED ENTRY--TOPICAL TERM
Topical term or geographic name as entry element Historical setting
General subdivision Calcutta
9 (RLIN) 18140
942 ## - ADDED ENTRY ELEMENTS (KOHA)
Source of classification or shelving scheme Dewey Decimal Classification
Koha item type English Books
Classification part 352.05452
Call number suffix CHA
Holdings
Withdrawn status Lost status Damaged status Not for loan Home library Current library Date acquired Source of acquisition Cost, normal purchase price Total Checkouts Full call number Barcode Date last seen Copy number Cost, replacement price Price effective from Koha item type Public note
Written off       Central Library Central Library 26/06/2015 Cen Lib/Ret 0.00   352.05452 CHA 723351 26/06/2015 1 0.00 26/06/2015 English Books W/d List No. 6886/4 ; dtd 07/09/2020

© Delhi Public Library
Hit Counter
free hit counter